[Event "Malmo op"]
[Site "Malmo"]
[Date "2013.12.14"]
[Round "2"]
[White "Johansson, Linus"]
[Black "Syla, Blerim"]
[Result "1-0"]
[WhiteElo "2314"]
[BlackElo "2171"]
[PlyCount "90"]
[EventDate "2013.12.13"]
[EventType "swiss"]
[EventRounds "7"]
[EventCountry "SWE"]
[SourceTitle "CBM 157 Extra"]
[Source "ChessBase"]
[SourceDate "2013.12.19"]
[SourceVersion "1"]
[SourceVersionDate "2013.12.19"]
[SourceQuality "1"]

1. d4 d6 2. Nf3 Nc6 3. d5 Nb8 4. e4 e5 5. dxe6 Bxe6 6. Nc3 g6 7. Bg5 f6 8. Be3 Bg7 9. h4 h5 10. Nd4 Bf7 11. Qd2 Ne7 12. Bb5+ Nd7 13. Ba4 a6 14. Bb3 Nf8 15. Bxf7+ Kxf7 16. a4 Qd7 17. Nd5 Nxd5 18. exd5 Re8 19. 0-0 Re5 20. Nf3 Re4 21. a5 Qg4 22. Qc3 Rc4 23. Qd3 Qe4 24. Nd2 Qxd3 25. cxd3 Rxh4 26. Rac1 c6 27. dxc6 bxc6 28. Rxc6 Rb4 29. Rxa6 d5 30. Rd6 Rb5 31. a6 Ke7 32. Rb6 Rxb6 33. Bxb6 f5 34. Bd8+ Kf7 35. a7 Ne6 36. a8Q Rxd8 37. Qb7+ Kg8 38. Re1 Nf8 39. Nf3 Rd7 40. Qb8 Kf7 41. Ng5+ Kg8 42. Re8 Bh6 43. Ne6 Rf7 44. b4 Rf6 45. Nxf8 Bxf8 1-0